[Event "chess.com SpeedChess Q2Sw"]
[Site "chess.com INT"]
[Date "2022.11.12"]
[Round "6"]
[White "Taboas Rodriguez, Daniel"]
[Black "Shipov, Sergei"]
[Result "0-1"]
[WhiteTitle "FM"]
[BlackTitle "GM"]
[WhiteElo "2359"]
[BlackElo "2541"]
[WhiteFideId "2208466"]
[BlackFideId "4113624"]
[EventDate "2022.11.12"]

1. d4 d5 2. Nf3 e6 3. c4 dxc4 4. e4 b5 5. a4 c6 6. b3 Bb4+ 7. Bd2 Bxd2+ 8. Qxd2
cxb3 9. axb5 Nf6 10. Nc3 Bb7 11. Rb1 O-O 12. Rxb3 cxb5 13. e5 Nfd7 14. Bxb5 Nb6
15. O-O Nc6 16. Re1 Na5 17. Rb4 Rc8 18. Ne4 Bxe4 19. Rxe4 Qd5 20. Rg4 f5 21.
exf6 Rxf6 22. Rg5 Qd6 23. Ba6 Nac4 24. Qe2 Qxb4 25. Bxc8 Nxc8 26. h3 N8d6 27.
Ne5 h6 28. Rg3 Qd2 29. Qg4 Nf5 30. Nd7 Nxg3 31. Nxf6+ Kf7 32. Qxg3 Qc1+ 33. Kh2
Nd2 34. Qc7+ Qxc7+ 0-1

[Event "chess.com SpeedChess Q2Sw"]
[Site "chess.com INT"]
[Date "2022.11.12"]
[Round "6"]
[White "Balaji, Aaravamudhan"]
[Black "Urazayev, Arystanbek"]
[Result "0-1"]
[WhiteTitle "CM"]
[BlackTitle "IM"]
[WhiteElo "2353"]
[BlackElo "2458"]
[WhiteFideId "436224"]
[BlackFideId "13709810"]
[EventDate "2022.11.12"]

1. Nf3 d5 2. g3 b6 3. Bg2 Bb7 4. O-O Nd7 5. d3 Ngf6 6. Nbd2 e6 7. e4 dxe4 8.
dxe4 Nxe4 9. Ng5 Qxg5 10. Nxe4 Qd8 11. Nf6+ Qxf6 12. Bxb7 Rd8 13. Bc6 Bd6 14. h4
h6 15. Qf3 Qxf3 16. Bxf3 Ne5 17. Be2 Ke7 18. b3 c5 19. Bb2 f6 20. a4 a5 21. Rad1
Nc6 22. Kg2 Be5 23. Bc1 Nd4 24. Bd3 g5 25. h5 g4 26. Be3 Nf3 27. Be2 Nd4 28.
Bxd4 cxd4 29. Bxg4 Rc8 30. Rd2 f5 31. Be2 Kf6 32. Bc4 f4 33. Re2 Rhg8 34. Rfe1
Rg5 35. Kf1 Rcg8 36. g4 Rxg4 37. Re4 f3 38. Rxg4 Rxg4 39. Rd1 Bh2 40. Ke1 Rg1+
41. Kd2 Bf4+ 0-1

[Event "chess.com SpeedChess Q2Sw"]
[Site "chess.com INT"]
[Date "2022.11.12"]
[Round "6"]
[White "Andreev, Eduard UKR"]
[Black "Odegov, Artem"]
[Result "1/2-1/2"]
[WhiteTitle "GM"]
[BlackTitle "FM"]
[WhiteElo "2413"]
[BlackElo "2286"]
[WhiteFideId "14103400"]
[BlackFideId "34183644"]
[EventDate "2022.11.12"]

1. e4 e6 2. d4 d5 3. Nd2 Nf6 4. e5 Nfd7 5. Bd3 c5 6. c3 Nc6 7. Ne2 cxd4 8. cxd4
f6 9. exf6 Nxf6 10. Nf3 Bd6 11. O-O Qc7 12. Bg5 O-O 13. Bh4 e5 14. dxe5 Nxe5 15.
Nxe5 Bxe5 16. Bg3 Bxg3 17. hxg3 Bd7 18. Nd4 Qb6 19. Qd2 Kh8 20. Nf3 Rae8 21.
Rfe1 Bc6 22. Rxe8 Rxe8 23. Re1 Rxe1+ 24. Qxe1 Qxb2 25. Qe7 Qc1+ 26. Bf1 Bb5 27.
Qf8+ Ng8 28. Ne5 Qxf1+ 29. Kh2 h6 30. Ng6+ Kh7 31. Qf5 Nf6 32. Ne7+ Kh8 33. Ng6+
Kh7 34. Ne7+ Kh8 35. Ng6+ Kg8 36. Qe6+ Kh7 37. Nf8+ Kh8 38. Ng6+ Kh7 39. Nf8+
Kh8 40. Ng6+ Kh7 1/2-1/2

[Event "chess.com SpeedChess Q2Sw"]
[Site "chess.com INT"]
[Date "2022.11.12"]
[Round "6"]
[White "Aradhya, Garg"]
[Black "Baches Garcia, Guillermo"]
[Result "1-0"]
[WhiteTitle "FM"]
[BlackTitle "IM"]
[WhiteElo "2289"]
[BlackElo "2326"]
[WhiteFideId "25006746"]
[BlackFideId "2209764"]
[EventDate "2022.11.12"]

1. d4 Nf6 2. Nf3 e6 3. Bg5 h6 4. Bh4 d6 5. c4 g5 6. Bg3 Nh5 7. Nc3 Bg7 8. e3 Qe7
9. Be2 Nd7 10. Qc2 a6 11. O-O-O O-O 12. Nd2 Nxg3 13. hxg3 f5 14. g4 Nf6 15. gxf5
exf5 16. Bd3 Ng4 17. Nd5 Qf7 18. Rdf1 Be6 19. f3 Nf6 20. Nc3 b5 21. Bxf5 Bxf5
22. Qxf5 bxc4 23. Nde4 Nxe4 24. fxe4 Qxf5 25. exf5 Rae8 26. Kd2 c5 27. dxc5 dxc5
28. g4 Rd8+ 29. Ke2 Bxc3 30. bxc3 Rd3 31. Rxh6 Rxc3 32. Rfh1 Rc2+ 33. Kf3 Rxa2
34. Rg6+ Kf7 35. Rh7+ Ke8 36. Rb6 Rd2 37. Rxa6 c3 38. Rc6 Rf7 39. Rh8+ Kd7 40.
Rxc5 c2 41. Rhc8 1-0

[Event "chess.com SpeedChess Q2Sw"]
[Site "chess.com INT"]
[Date "2022.11.12"]
[Round "6"]
[White "Akobian, Varuzhan"]
[Black "Kovalev, Vladislav"]
[Result "0-1"]
[WhiteTitle "GM"]
[BlackTitle "GM"]
[WhiteElo "2591"]
[BlackElo "2623"]
[WhiteFideId "13300580"]
[BlackFideId "13504398"]
[EventDate "2022.11.12"]

1. d4 Nf6 2. c4 e6 3. Nf3 Bb4+ 4. Nbd2 O-O 5. a3 Be7 6. e4 d6 7. b4 e5 8. Bb2 a5
9. dxe5 dxe5 10. c5 Nc6 11. Nxe5 Nxe5 12. Bxe5 Ng4 13. Bc3 Bf6 14. Qc1 Bxc3 15.
Qxc3 axb4 16. axb4 Rxa1+ 17. Qxa1 Nxf2 18. Kxf2 Qxd2+ 19. Be2 Qxb4 20. Qe5 Bd7
21. Rc1 Re8 22. Qc3 Qxe4 23. Bf3 Qf4 24. Kg1 Bc6 25. Bxc6 bxc6 26. Rf1 Qe5 27.
Qxe5 Rxe5 28. Rc1 h5 29. Kf2 g5 30. Kf3 Kg7 31. g3 Kg6 32. h4 f6 33. Rc4 Kf5 34.
Rc3 Ke6 0-1

[Event "chess.com SpeedChess Q2Sw"]
[Site "chess.com INT"]
[Date "2022.11.12"]
[Round "6"]
[White "Djordjevic, Vuk"]
[Black "Aaditya, Dhingra"]
[Result "0-1"]
[WhiteTitle "IM"]
[BlackTitle "CM"]
[WhiteElo "2394"]
[BlackElo "2172"]
[WhiteFideId "902098"]
[BlackFideId "25678191"]
[EventDate "2022.11.12"]

1. d4 Nf6 2. Bg5 g6 3. Bxf6 exf6 4. c4 Bg7 5. Nc3 O-O 6. e3 f5 7. g3 c5 8. Nge2
cxd4 9. exd4 Nc6 10. Qd2 Re8 11. O-O-O a6 12. Bg2 Rb8 13. Rhe1 b5 14. c5 a5 15.
Nd5 b4 16. Nb6 Ba6 17. d5 Ne5 18. Nf4 d6 19. Kb1 dxc5 20. Na4 Nc4 21. Rxe8+ Qxe8
22. Qc2 Bb5 23. Nxc5 Nxb2 24. d6 Nxd1 25. Qxd1 b3 26. Nxb3 a4 27. Nd5 axb3 28.
axb3 Qe5 29. Qd2 Bd3+ 30. Kc1 Qa1# 0-1

[Event "chess.com SpeedChess Q2Sw"]
[Site "chess.com INT"]
[Date "2022.11.12"]
[Round "6"]
[White "Brodowski, Piotr"]
[Black "Ezat, Mohamed"]
[Result "1-0"]
[WhiteTitle "IM"]
[BlackTitle "IM"]
[WhiteElo "2455"]
[BlackElo "2404"]
[WhiteFideId "1124480"]
[BlackFideId "10600906"]
[EventDate "2022.11.12"]

1. d4 Nf6 2. c4 g6 3. Nc3 Bg7 4. e4 d6 5. Be2 O-O 6. Be3 e5 7. d5 Na6 8. g4 Nc5
9. f3 Ne8 10. h4 f5 11. gxf5 gxf5 12. b4 Na6 13. a3 Nf6 14. h5 Rf7 15. h6 Bf8
16. Qd2 fxe4 17. fxe4 Ng4 18. Nf3 Nxe3 19. Qxe3 Rf4 20. O-O-O Qf6 21. Rdg1+ Kh8
22. Ng5 Bd7 23. Bh5 Be8 24. Bxe8 Rxe8 25. Ne2 c5 26. b5 Nc7 27. Kb1 a6 28. a4
axb5 29. axb5 Ra8 30. Nxf4 exf4 31. Qc3 1-0

[Event "chess.com SpeedChess Q2Sw"]
[Site "chess.com INT"]
[Date "2022.11.12"]
[Round "6"]
[White "Santos Ruiz, Miguel"]
[Black "Kollars, Dmitrij"]
[Result "1-0"]
[WhiteTitle "GM"]
[BlackTitle "GM"]
[WhiteElo "2587"]
[BlackElo "2611"]
[WhiteFideId "22291482"]
[BlackFideId "12909572"]
[EventDate "2022.11.12"]

1. e4 e5 2. Nf3 Nc6 3. Bc4 Nf6 4. d3 Bc5 5. O-O d6 6. c3 a5 7. a4 O-O 8. h3 Be6
9. Bxe6 fxe6 10. Re1 Qe8 11. Be3 Bxe3 12. Rxe3 Qg6 13. Nbd2 Nh5 14. Kh2 Rf7 15.
Qb3 b6 16. Qc4 Na7 17. d4 exd4 18. cxd4 Raf8 19. Rc1 Kh8 20. Rec3 c5 21. dxc5
bxc5 22. e5 d5 23. Qg4 Qxg4 24. hxg4 Nf4 25. R1c2 Nc6 26. Rxc5 Nb4 27. R2c3 Nbd3
28. Rc8 Nxb2 29. Ng5 Kg8 30. Nxf7 Kxf7 31. R3c7+ Kg8 32. Rxf8+ Kxf8 33. Nf3 Nxa4
34. Nd4 Kg8 35. g3 Nd3 36. Nxe6 Nxf2 37. Rxg7+ Kh8 38. Rf7 Nxg4+ 39. Kh3 1-0

[Event "chess.com SpeedChess Q2Sw"]
[Site "chess.com INT"]
[Date "2022.11.12"]
[Round "6"]
[White "Vogel, Roven"]
[Black "Chigaev, Maksim"]
[Result "1-0"]
[WhiteTitle "IM"]
[BlackTitle "GM"]
[WhiteElo "2461"]
[BlackElo "2632"]
[WhiteFideId "12908088"]
[BlackFideId "4108116"]
[EventDate "2022.11.12"]

1. d4 Nf6 2. c4 g6 3. Nc3 d5 4. cxd5 Nxd5 5. e4 Nxc3 6. bxc3 Bg7 7. Bc4 c5 8.
Ne2 O-O 9. O-O Nc6 10. Be3 e6 11. Qd2 Qa5 12. Qb2 Rd8 13. e5 Rb8 14. a4 cxd4 15.
cxd4 Qb4 16. Qc2 Bd7 17. Rfb1 Qe7 18. Qd2 Rdc8 19. Bg5 Qf8 20. Bb5 a6 21. Bd3
Ne7 22. Ng3 Bc6 23. Ne4 Bxe4 24. Bxe4 Nc6 25. Rb6 h6 26. Be3 Ne7 27. Rab1 Qe8
28. Qa2 Nf5 29. Bxf5 gxf5 30. h3 Rc7 31. d5 exd5 32. f4 Rd8 33. Rd1 Qd7 34. Rd6
Qc8 35. Rxd8+ Qxd8 36. Bb6 Rc1 37. Bxd8 1-0

[Event "chess.com SpeedChess Q2Sw"]
[Site "chess.com INT"]
[Date "2022.11.12"]
[Round "6"]
[White "Postnikov, Daniil"]
[Black "Bochnicka, Vladimir ml."]
[Result "1-0"]
[WhiteTitle "FM"]
[BlackTitle "FM"]
[WhiteElo "2360"]
[BlackElo "2350"]
[WhiteFideId "4166329"]
[BlackFideId "14943450"]
[EventDate "2022.11.12"]

1. d4 Nf6 2. c4 g6 3. Nc3 Bg7 4. e4 d6 5. Nf3 O-O 6. Be2 e5 7. d5 Nbd7 8. Bg5 a5
9. Nd2 h6 10. Be3 b6 11. Qc2 Ne8 12. g4 Nc5 13. h4 Bd7 14. f3 Kh7 15. O-O-O a4
16. Nf1 c6 17. Ng3 b5 18. dxc6 b4 19. cxd7 Nc7 20. Nd5 Nxd5 21. Rxd5 b3 22. axb3
Nxb3+ 23. Kb1 Qxd7 24. h5 Rfb8 25. Rb5 Nd4 26. Bxd4 exd4 27. Bd3 Be5 28. hxg6+
fxg6 29. Ne2 g5 30. f4 gxf4 31. g5 a3 32. Rxh6+ Kg7 33. Nxf4 Bxf4 34. e5 axb2
35. Rh7+ Kf8 36. Rxb8+ Rxb8 37. Rxd7 Bxe5 38. Qxb2 Rxb2+ 39. Kxb2 Ke8 40. Ra7
Bf4 41. g6 Bh6 42. g7 1-0

[Event "chess.com SpeedChess Q2Sw"]
[Site "chess.com INT"]
[Date "2022.11.12"]
[Round "6"]
[White "Steinberg, Nitzan"]
[Black "Tan, Zhongyi"]
[Result "1-0"]
[WhiteTitle "GM"]
[BlackTitle "GM"]
[WhiteElo "2537"]
[BlackElo "2514"]
[WhiteFideId "2801795"]
[BlackFideId "8603642"]
[EventDate "2022.11.12"]

1. e4 c5 2. Nf3 d6 3. Bb5+ Bd7 4. a4 Nf6 5. Nc3 e6 6. e5 dxe5 7. Nxe5 Bxb5 8.
axb5 Bd6 9. Nc4 O-O 10. d3 Nd5 11. O-O Bc7 12. Qf3 a6 13. Re1 Nxc3 14. bxc3 Qc8
15. b6 Bd8 16. Bf4 Qc6 17. Qxc6 Nxc6 18. Reb1 Be7 19. g3 Rfd8 20. h4 f6 21. Kg2
e5 22. Be3 Rac8 23. g4 Kf7 24. h5 Ke6 25. Rh1 Bf8 26. f4 exf4 27. Bxf4 Kf7 28.
Rhe1 Re8 29. Bd6 Rxe1 30. Rxe1 Nd8 31. Bxf8 Kxf8 32. Nd6 1-0

[Event "chess.com SpeedChess Q2Sw"]
[Site "chess.com INT"]
[Date "2022.11.12"]
[Round "6"]
[White "Swiercz, Dariusz"]
[Black "Rohith, Krishna S"]
[Result "1-0"]
[WhiteTitle "GM"]
[BlackTitle "FM"]
[WhiteElo "2646"]
[BlackElo "2380"]
[WhiteFideId "1126881"]
[BlackFideId "46617051"]
[EventDate "2022.11.12"]

1. e4 e5 2. Nf3 Nc6 3. Bc4 Bc5 4. c3 Nf6 5. d3 O-O 6. b4 Bb6 7. Nbd2 d6 8. O-O
h6 9. h3 a5 10. b5 Ne7 11. Re1 Ng6 12. d4 c6 13. bxc6 bxc6 14. Bf1 Bc7 15. dxe5
dxe5 16. Ba3 Re8 17. Nc4 Ba6 18. Qc2 Qc8 19. Rad1 Nh5 20. Ne3 Bxf1 21. Rxf1 Nhf4
22. Nf5 Qe6 23. g3 Nxh3+ 24. Kg2 Ngf4+ 25. Kh2 g6 26. gxf4 Nxf4 27. Rg1 Kh7 28.
Bd6 Rac8 29. Bxc7 Rxc7 30. Rd6 Qc8 31. Qd2 gxf5 32. Nxe5 Re6 33. Rd8 Qa6 34.
Rh8+ Kxh8 35. Qd8+ Kh7 36. Qg8# 1-0

[Event "chess.com SpeedChess Q2Sw"]
[Site "chess.com INT"]
[Date "2022.11.12"]
[Round "6"]
[White "Csonka, Balazs"]
[Black "Parkhov, Yair"]
[Result "0-1"]
[WhiteTitle "IM"]
[BlackTitle "IM"]
[WhiteElo "2497"]
[BlackElo "2470"]
[WhiteFideId "742910"]
[BlackFideId "2813408"]
[EventDate "2022.11.12"]

1. e4 e5 2. Nf3 Nc6 3. Nc3 Bc5 4. Nxe5 Nxe5 5. d4 Bd6 6. dxe5 Bxe5 7. Bd3 Ne7 8.
O-O O-O 9. Qh5 d6 10. f4 Bxc3 11. bxc3 f5 12. c4 fxe4 13. Bxe4 Bf5 14. Bf3 c6
15. Kh1 Bxc2 16. Bb2 Bg6 17. Qh3 Nf5 18. Rae1 Qh4 19. Qxh4 Nxh4 20. Bg4 Rae8 21.
Be6+ Bf7 22. Bd7 Rxe1 23. Rxe1 Bxc4 24. Re7 Rf7 25. Re8+ Rf8 26. Re7 Bf7 27. f5
g6 28. f6 Nf5 29. Bxf5 gxf5 30. Rxb7 Re8 31. Kg1 h5 32. Rxa7 Re2 33. Bc3 Rxa2
34. Rd7 h4 35. Rxd6 Bd5 36. g3 Rg2+ 37. Kf1 hxg3 38. hxg3 Rxg3 39. Be5 Rf3+ 0-1

[Event "chess.com SpeedChess Q2Sw"]
[Site "chess.com INT"]
[Date "2022.11.12"]
[Round "6"]
[White "Indjic, Aleksandar"]
[Black "Fedoseev, Vladimir3"]
[Result "1-0"]
[WhiteTitle "GM"]
[BlackTitle "GM"]
[WhiteElo "2631"]
[BlackElo "2688"]
[WhiteFideId "911925"]
[BlackFideId "24130737"]
[EventDate "2022.11.12"]

1. d4 Nf6 2. c4 g6 3. Nc3 Bg7 4. e4 d6 5. Nf3 O-O 6. Be2 e5 7. d5 a5 8. Bg5 Na6
9. Nd2 Bd7 10. a3 Qb8 11. b3 c6 12. O-O cxd5 13. cxd5 Rc8 14. Nb5 Nc5 15. f3 Nh5
16. g3 f5 17. b4 axb4 18. axb4 Rxa1 19. Qxa1 Na6 20. Qb2 Bxb5 21. Bxb5 Qa7+ 22.
Kg2 h6 23. Be7 Qb6 24. Bd7 Ra8 25. Nc4 Qc7 26. Be6+ Kh7 27. Bxd6 Qxc4 28. exf5
g5 29. Rc1 Qb5 30. Bxe5 Nxb4 31. Bxg7 Ra2 32. Rc7 Nxg7 33. Rxg7+ Kh8 34. Rg8+
Kh7 35. Rh8# 1-0

[Event "chess.com SpeedChess Q2Sw"]
[Site "chess.com INT"]
[Date "2022.11.12"]
[Round "6"]
[White "Ivic, Velimir"]
[Black "Zhu, Jiner"]
[Result "1-0"]
[WhiteTitle "GM"]
[BlackTitle "WGM"]
[WhiteElo "2560"]
[BlackElo "2486"]
[WhiteFideId "950122"]
[BlackFideId "8608059"]
[EventDate "2022.11.12"]

1. e4 c5 2. Nf3 d6 3. d4 cxd4 4. Nxd4 Nf6 5. Nc3 Nc6 6. Bg5 Bd7 7. Nxc6 Bxc6 8.
Bxf6 gxf6 9. Bb5 Bxb5 10. Nxb5 Qa5+ 11. Nc3 e6 12. O-O h5 13. Qd3 a6 14. f4 h4
15. f5 h3 16. g3 Be7 17. Ne2 O-O-O 18. Nf4 d5 19. fxe6 fxe6 20. exd5 e5 21. Ng6
Bc5+ 22. Kh1 Rhg8 23. c4 Qb6 24. Rab1 Kb8 25. b4 Bxb4 26. Ne7 Rg4 27. Nf5 Qa5
28. Qb3 b5 29. Qxb4 Qxa2 30. Rb2 Rxc4 31. Qxb5+ axb5 32. Rxa2 Rxd5 33. Ne3 1-0

[Event "chess.com SpeedChess Q2Sw"]
[Site "chess.com INT"]
[Date "2022.11.12"]
[Round "6"]
[White "Dudzinski, Pawel"]
[Black "Eynullayev, Atilla"]
[Result "0-1"]
[WhiteTitle "FM"]
[BlackTitle "FM"]
[WhiteElo "2186"]
[BlackElo "2281"]
[WhiteFideId "1117890"]
[BlackFideId "13413570"]
[EventDate "2022.11.12"]

1. e4 c5 2. Nc3 e6 3. g3 a6 4. a4 Nc6 5. Bg2 Rb8 6. d3 b5 7. axb5 axb5 8. Be3 b4
9. Nce2 Nf6 10. h3 d6 11. d4 cxd4 12. Nxd4 Bd7 13. Nge2 Ne5 14. b3 Ng6 15. O-O
Be7 16. g4 Nh4 17. Bh1 e5 18. Nf5 Nxf5 19. exf5 h6 20. f4 O-O 21. g5 Nh7 22. f6
gxf6 23. gxh6 Kh8 24. fxe5 Rg8+ 25. Kh2 Bxh3 26. Rg1 Qd7 27. exd6 Rxg1 28. Qxg1
Bxd6+ 29. Bf4 Bg4 30. Bxd6 Qxd6+ 31. Ng3 Ng5 32. Ra5 Qd2+ 33. Qg2 Nf3# 0-1

[Event "chess.com SpeedChess Q2Sw"]
[Site "chess.com INT"]
[Date "2022.11.12"]
[Round "6"]
[White "Kukula, Pawel"]
[Black "Vifleemskaia, Svetlana"]
[Result "0-1"]
[BlackTitle "WFM"]
[WhiteElo "2135"]
[BlackElo "1947"]
[WhiteFideId "1115081"]
[BlackFideId "4129490"]
[EventDate "2022.11.12"]

1. d4 Nf6 2. c4 e6 3. Nf3 Bb4+ 4. Nbd2 b6 5. g3 Bb7 6. Bg2 O-O 7. O-O a5 8. a3
Bxd2 9. Qxd2 a4 10. Rd1 Be4 11. Bh3 d6 12. Nh4 h6 13. f3 Bb7 14. e4 Nbd7 15. Ng2
e5 16. d5 Nc5 17. Qf2 Nb3 18. Rb1 Nxc1 19. Rbxc1 Nd7 20. Ne3 Nc5 21. Bg2 Bc8 22.
Qe2 f5 23. exf5 Bxf5 24. Nxf5 Rxf5 25. Bh3 Rf6 26. Rf1 Qf8 27. Qe3 Qf7 28. Rf2
Rf8 29. Rcf1 Qh5 30. Bg2 Qg5 31. Qxg5 hxg5 32. Bh3 Nd3 33. Rd2 Nc5 34. Re2 Rxf3
35. Rfe1 Rb3 36. Bg4 g6 37. Kg2 Kg7 38. h4 gxh4 39. gxh4 Rf4 40. Bc8 Rxh4 41.
Rf2 Nd3 42. Ref1 Nxf2 43. Rxf2 Rf4 44. Re2 g5 45. Bd7 Rxc4 46. Rf2 g4 47. Rf5
Rc2+ 48. Kg1 Rbxb2 0-1

[Event "chess.com SpeedChess Q2Sw"]
[Site "chess.com INT"]
[Date "2022.11.12"]
[Round "6"]
[White "Matinian, Nikita"]
[Black "Sadovsky, Artem"]
[Result "1-0"]
[WhiteTitle "GM"]
[BlackTitle "IM"]
[WhiteElo "2425"]
[BlackElo "2276"]
[WhiteFideId "24129100"]
[BlackFideId "4155840"]
[EventDate "2022.11.12"]

1. e4 g6 2. d4 Bg7 3. Nc3 c6 4. h4 h5 5. Be3 d5 6. Qd2 dxe4 7. Nxe4 Nd7 8. O-O-O
Ngf6 9. Ng5 Nd5 10. N1f3 O-O 11. c4 Nxe3 12. fxe3 Qc7 13. Bd3 e5 14. Qc2 exd4
15. exd4 Nf6 16. Ne5 Ng4 17. Rde1 Nxe5 18. dxe5 Bxe5 19. Rhf1 Bf4+ 20. Kb1 Bxg5
21. hxg5 Bg4 22. Rf6 Rae8 23. Ref1 Qg3 24. R6f2 Kh7 25. a3 Re7 26. Bxg6+ fxg6
27. Rxf8 Kg7 28. Ka2 Be6 29. R1f6 Qxg5 30. Qc3 Bxc4+ 31. Qxc4 Qxf6 32. Qg8+ 1-0

[Event "chess.com SpeedChess Q2Sw"]
[Site "chess.com INT"]
[Date "2022.11.12"]
[Round "6"]
[White "Tasdogen, Dincer"]
[Black "Ankerst, Mihael"]
[Result "1-0"]
[WhiteTitle "FM"]
[BlackTitle "FM"]
[WhiteElo "2303"]
[BlackElo "2370"]
[WhiteFideId "6367097"]
[BlackFideId "14602369"]
[EventDate "2022.11.12"]

1. Nf3 Nf6 2. g3 g6 3. Bg2 Bg7 4. O-O O-O 5. d3 d6 6. Nbd2 Nbd7 7. e4 e5 8. Re1
Nc5 9. h3 a5 10. Nb3 Na4 11. c3 Re8 12. Qc2 d5 13. exd5 Nxd5 14. d4 e4 15. Rxe4
Bf5 16. Rxe8+ Qxe8 17. Qd1 Qd7 18. g4 Be4 19. Ne5 Bxe5 20. Bxe4 Bg7 21. Nd2 Re8
22. Bxd5 Qxd5 23. Qxa4 Re1+ 24. Nf1 Qf3 25. Bh6 Rxf1+ 26. Rxf1 Bxh6 27. Qe8+ Kg7
28. Qe5+ Kg8 29. Qg3 Qe2 30. g5 Bf8 31. Qxc7 Qxb2 32. Re1 Qxa2 33. Re8 Kg7 34.
Qe5+ Kg8 35. Qe7 1-0

[Event "chess.com SpeedChess Q2Sw"]
[Site "chess.com INT"]
[Date "2022.11.12"]
[Round "6"]
[White "Dehtiarov, Roman"]
[Black "Kirillov, Dmitry"]
[Result "1-0"]
[WhiteTitle "FM"]
[BlackTitle "FM"]
[WhiteElo "2300"]
[BlackElo "2195"]
[WhiteFideId "14186640"]
[BlackFideId "34180572"]
[EventDate "2022.11.12"]

1. e4 c6 2. Nc3 d5 3. Nf3 dxe4 4. Nxe4 Nf6 5. Qe2 Nxe4 6. Qxe4 Nd7 7. Bc4 Nf6 8.
Ne5 e6 9. Qe2 Bd6 10. c3 Qc7 11. d4 b5 12. Bd3 Bb7 13. O-O a6 14. Bf4 c5 15. Bg3
c4 16. Bc2 O-O 17. f4 Rfe8 18. a3 Rad8 19. Bh4 Be7 20. Rae1 Ba8 21. Qe3 Qb7 22.
Qh3 h6 23. Rf2 Nd5 24. Nxf7 Bxh4 25. Nxh6+ gxh6 26. Qxh4 Qe7 27. Qxh6 Qg7 28.
Qh4 Ne7 29. Re3 Ng6 30. Bxg6 Rf8 31. Rg3 1-0

[Event "chess.com SpeedChess Q2Sw"]
[Site "chess.com INT"]
[Date "2022.11.12"]
[Round "6"]
[White "Krishnakumar, Sriram"]
[Black "Alahakoon, Isuru"]
[Result "0-1"]
[WhiteTitle "FM"]
[BlackTitle "FM"]
[WhiteElo "2248"]
[BlackElo "1984"]
[WhiteFideId "30915856"]
[BlackFideId "9900993"]
[EventDate "2022.11.12"]

1. e4 d5 2. exd5 Qxd5 3. Nc3 Qa5 4. d4 Nf6 5. Nf3 Bg4 6. Be2 Nc6 7. h3 Bh5 8.
Bd2 O-O-O 9. g4 Bg6 10. Ne4 Qd5 11. Nxf6 gxf6 12. c4 Qe4 13. d5 Ne5 14. O-O Nxc4
15. Rc1 Nxd2 16. Qxd2 Qxd5 17. Qc3 c6 18. Rfd1 Qe4 19. Qa5 Rxd1+ 20. Rxd1 Bg7
21. Kf1 h5 22. Qxa7 hxg4 23. Qa8+ Kc7 24. Qa5+ Kb8 25. Qb6 gxf3 26. Ba6 c5 27.
Re1 Qc6 28. Qxc6 bxc6 29. Rxe7 Rxh3 30. Ke1 Bh6 31. Re8+ Ka7 32. Bf1 Rh1 33.
Re7+ Kb6 34. Rd7 c4 35. a4 Bd3 0-1

[Event "chess.com SpeedChess Q2Sw"]
[Site "chess.com INT"]
[Date "2022.11.12"]
[Round "6"]
[White "Sanchez, Robert"]
[Black "Bilan, Danila"]
[Result "0-1"]
[BlackTitle "FM"]
[WhiteElo "1971"]
[BlackElo "2303"]
[WhiteFideId "2034360"]
[BlackFideId "24161918"]
[EventDate "2022.11.12"]

1. e4 c6 2. d4 d5 3. e5 c5 4. dxc5 e6 5. b4 Nc6 6. Bb5 Qc7 7. Nf3 Bd7 8. Bxc6
Bxc6 9. O-O b6 10. cxb6 Qxb6 11. a3 Ne7 12. Nd4 Bd7 13. Be3 Qb7 14. Nd2 Nc6 15.
Nxc6 Bxc6 16. Nf3 Bb5 17. Re1 Be7 18. Nd4 Bc4 19. Qg4 g6 20. Bg5 h5 21. Qh4 Rc8
22. Re3 Bxg5 23. Qxg5 Qe7 24. Qxe7+ Kxe7 25. f4 Rc7 26. a4 Rb8 27. b5 Rbc8 28.
Nc6+ Kd7 29. Rd1 a6 30. Nd4 axb5 31. axb5 Rb7 32. Rb1 Rcb8 33. Nc6 Ra8 34. Nd4
Ra5 35. h3 Kc7 36. g4 hxg4 37. hxg4 Kb6 38. f5 gxf5 39. gxf5 Kc5 40. Nc6 Raxb5
41. Rxb5+ Rxb5 42. Nd8 Rb1+ 43. Kh2 Kd4 44. Re1 Rxe1 0-1

[Event "chess.com SpeedChess Q2Sw"]
[Site "chess.com INT"]
[Date "2022.11.12"]
[Round "6"]
[White "Xiong, Jeffery"]
[Black "Pakleza, Zbigniew"]
[Result "1-0"]
[WhiteTitle "GM"]
[BlackTitle "GM"]
[WhiteElo "2692"]
[BlackElo "2496"]
[WhiteFideId "2047640"]
[BlackFideId "1119290"]
[EventDate "2022.11.12"]

1. d4 d5 2. c4 c6 3. cxd5 cxd5 4. Bf4 Nc6 5. e3 Nf6 6. Nc3 a6 7. Be2 Bf5 8. Nf3
e6 9. Rc1 Bd6 10. Bxd6 Qxd6 11. O-O O-O 12. Na4 Ne4 13. Nd2 Rac8 14. Nxe4 Bxe4
15. Nc5 Rc7 16. Qb3 Rb8 17. Qb6 Qd8 18. a4 h6 19. b4 Rcc8 20. Qxd8+ Rxd8 21. f3
Bg6 22. Nxb7 Rxb7 23. Rxc6 Rxb4 24. Rxa6 Rb2 25. Bb5 Rc8 26. Rc6 Rxc6 27. Bxc6
Ra2 28. e4 Rd2 29. exd5 exd5 30. Ra1 Bd3 31. Bb7 Rb2 32. Bxd5 Rb4 33. Bc6 Rxd4
34. Rd1 1-0

[Event "chess.com SpeedChess Q2Sw"]
[Site "chess.com INT"]
[Date "2022.11.12"]
[Round "6"]
[White "Begunov, Konstantin"]
[Black "Aumann, Welf"]
[Result "1-0"]
[WhiteTitle "FM"]
[BlackTitle "FM"]
[WhiteElo "2325"]
[BlackElo "2316"]
[WhiteFideId "4118510"]
[BlackFideId "4634071"]
[EventDate "2022.11.12"]

1. d4 d5 2. c4 dxc4 3. Nf3 Bg4 4. Ne5 Bh5 5. f3 Nd7 6. Nxc4 e6 7. e4 Ngf6 8. Nc3
Be7 9. Be3 O-O 10. Be2 a6 11. O-O c5 12. d5 b5 13. dxe6 fxe6 14. Nd6 Qc7 15. Bf4
e5 16. Nf5 exf4 17. Nxe7+ Kh8 18. Ned5 Qe5 19. Qd2 Nxd5 20. Nxd5 Rad8 21. a4 c4
22. axb5 axb5 23. Qc3 Qxc3 24. Nxc3 Rb8 25. Ra5 b4 26. Rxh5 bxc3 27. bxc3 Rfc8
28. Rd1 Nf6 29. Rf5 h6 30. e5 Ne8 31. Rxf4 Rb3 32. Rc1 Rb5 33. Re4 Rbc5 34. f4
g6 35. g4 Ng7 36. Kf2 Re8 37. Rxc4 g5 38. Rxc5 1-0